Prezentácia a interpretácia architektúry nájdenej archeologickým výskumom

Saved in:
Bibliographic Details
Main Author: Hess, Jana (Author)
Other Authors: Schwarcová, Anna (Thesis advisor)
Format: Book
Published: STU v Bratislave FA, 2005
Subjects:
Tags: Add Tag
No Tags, Be the first to tag this record!

MARC

LEADER 00000nam a22000003a 4500
001 stu122115
005 20150617225910.9
008 060628s2005----------------------------d
040 |a STU  |b slo 
041 0
100 1 |a Hess, Jana  |4 aut 
245 1 |a Prezentácia a interpretácia architektúry nájdenej archeologickým výskumom 
260 |b STU v Bratislave FA,  |c 2005 
300 |a 194 s 
650 7 |a archeológia  |2 stusub 
650 7 |a architektonické pamiatky  |2 stusub 
650 7 |a ochrana pamiatok  |2 stusub 
700 1 |a Schwarcová, Anna  |4 ths  |u A0980  |U FA Dekanát  |T FA Externí pracovníci  |X 521057  |U A0980  |Y 552  |7 A000521057 
996 |b 284AB00300  |c A*129 V  |l AAKNST  |s P  |a 0  |w stu122115_0001